000 00396nam a2200145Ia 4500
008 230917s9999||||xx |||||||||||||| ||und||
040 _e40533
_aMAIN
041 _aEnglish
082 _a810.9 W893B
100 _aWeathers, Winston
245 4 _aThe brooken word: the communication bath in modern literature
260 _aNew York
_bGordon & Breach
_c1981
300 _axi, 226 p.
942 _cBK
999 _c228770
_d228770